<?xml version="1.0" encoding="UTF-8"?>
<record
    xmlns:xsi="http://www.w3.org/2001/XMLSchema-instance"
    xsi:schemaLocation="http://www.loc.gov/MARC21/slim http://www.loc.gov/standards/marcxml/schema/MARC21slim.xsd"
    xmlns="http://www.loc.gov/MARC21/slim">

  <leader>01783nam a22001817a 4500</leader>
  <datafield tag="999" ind1=" " ind2=" ">
    <subfield code="c">39067</subfield>
    <subfield code="d">39067</subfield>
  </datafield>
  <datafield tag="020" ind1=" " ind2=" ">
    <subfield code="a">9788119139118</subfield>
  </datafield>
  <datafield tag="082" ind1=" " ind2=" ">
    <subfield code="a">320.54</subfield>
    <subfield code="b">COO-E</subfield>
  </datafield>
  <datafield tag="100" ind1=" " ind2=" ">
    <subfield code="a">Coomaraswamy, Ananda K.</subfield>
    <subfield code="e">author.</subfield>
  </datafield>
  <datafield tag="245" ind1=" " ind2=" ">
    <subfield code="a">Essays in National Idealism</subfield>
    <subfield code="c">By Ananda K. Coomaraswamy</subfield>
  </datafield>
  <datafield tag="260" ind1=" " ind2=" ">
    <subfield code="a">New Delhi :</subfield>
    <subfield code="b">Manohar,</subfield>
    <subfield code="c">2023.</subfield>
  </datafield>
  <datafield tag="300" ind1=" " ind2=" ">
    <subfield code="a">ix, 206p.</subfield>
  </datafield>
  <datafield tag="520" ind1=" " ind2=" ">
    <subfield code="a">Essays in National Idealism covers nationalism through the lens of an artist. Coomaraswamy discusses how nationalism could be expressed through the kaleidoscope of arts. The book describes the revival of Indian art, which was once degenerated. Some of the interesting themes covered include the idea of struggle, the perception of Bharat-Mata, the methodology to study of Indian art, and the influence of the Greeks on Indian art. Similarly, the book touches upon certain issues, such as the concept of education, Swadeshi ideology, Christian missionary activities, understanding Indian music, and the inter-relationship&#x2005;between&#x2005;music&#x2005;and&#x2005;education&#x2005;in&#x2005;India. About the Author Ananda K. Coomaraswamy (22 August 1877&#x2013;9 September 1947) is a Ceylon-based metaphysician, historian, theorist, and philosopher of Indian art. He brought the Indian tradition of art into the western world. He was also seen as the bridge-maker between western and Indian art and philosophy, as he was much inspired by Hindu and Greco-Roman traditions. His works were influenced by the Traditionalist and Perennial Schools of Philosophy. He authored several books which were based on the traditional arts, metaphysics, and social criticism. He was also the curator&#x2005;of&#x2005;Indian&#x2005;art&#x2005;at&#x2005;the&#x2005;Boston&#x2005;Museum&#x2005;of&#x2005;Fine&#x2005;Arts.</subfield>
  </datafield>
  <datafield tag="546" ind1=" " ind2=" ">
    <subfield code="a">English</subfield>
  </datafield>
  <datafield tag="650" ind1=" " ind2=" ">
    <subfield code="a">Nationalism</subfield>
    <subfield code="x">Philosophy</subfield>
  </datafield>
  <datafield tag="650" ind1=" " ind2=" ">
    <subfield code="a">Idealism</subfield>
  </datafield>
  <datafield tag="650" ind1=" " ind2=" ">
    <subfield code="a">Patriotism</subfield>
  </datafield>
  <datafield tag="942" ind1=" " ind2=" ">
    <subfield code="2">ddc</subfield>
    <subfield code="c">BK</subfield>
  </datafield>
  <datafield tag="952" ind1=" " ind2=" ">
    <subfield code="0">0</subfield>
    <subfield code="1">0</subfield>
    <subfield code="4">0</subfield>
    <subfield code="7">0</subfield>
    <subfield code="a">NASSDOC</subfield>
    <subfield code="b">NASSDOC</subfield>
    <subfield code="d">2024-03-21</subfield>
    <subfield code="e">Rajasthani Granthagar</subfield>
    <subfield code="g">429.59</subfield>
    <subfield code="l">0</subfield>
    <subfield code="o">320.54 COO-E</subfield>
    <subfield code="p">54077</subfield>
    <subfield code="r">2024-04-22 00:00:00</subfield>
    <subfield code="v">595.00</subfield>
    <subfield code="w">2024-03-18</subfield>
    <subfield code="y">BK</subfield>
  </datafield>
</record>
